Métodos de las ciencias sociales

Saved in:
Bibliografiske detaljer
Hovedforfatter: Duverger, Maurice (Author)
Format: Bog
Sprog:spansk
Udgivet: Barcelona Ariel 1975
Udgivelse:8a. ed
Serier:Biblioteca de Ciencia política
Fag:
Tags: Tilføj Tag
Ingen Tags, Vær først til at tagge denne postø!

MARC

LEADER 00000nam a2200000 a 4500
001 UCH5008
003 CL-VaPUC
008 090916e19750000SP |||||||||||||||||spa|d
020 |a 8434417553 
082 0 4 |a 300.72  |b DUV  |2 21 
100 0 |a Duverger, Maurice  |e author  |9 541126 
245 1 0 |a Métodos de las ciencias sociales 
250 |a 8a. ed 
300 |a 593 p 
942 |c BK 
945 |d 20090916 00:00:00  |a rbrito 
260 |a Barcelona  |b Ariel  |c 1975 
650 0 |a Ciencias sociales   |9 256351 
650 0 |a Sociología   |9 255410 
650 0 |a Métodos de investigación   |9 262618 
650 0 |a Ciencias sociales  |v Investigación  |9 307767 
583 |a last modification  |c 20090916 00:00:00  |k Rodrigo Vera 
490 0 |a Biblioteca de Ciencia política 
999 |c 336239  |d 336237 
952 |0 0  |1 0  |4 0  |6 300_720000000000000_DUV_1975  |7 0  |8 X  |9 427231  |a FDOBUD  |b FDOBUD  |d 2019-11-22  |i 4596234  |o 300.72 DUV 1975  |p 4596234  |r 2019-11-22  |w 2019-11-22  |y BK_X  |k BUD